ADR principles and practice

Bibliographic Details
Main Authors: Brown, Henry J. (Author), Marriott, Arthur L. , 1943- (Author)
Format: Book
Published: London : Thomson , 1999
Edition:2nd ed
Subjects:

MARC

LEADER 00000cam a2200000 7i4500
001 0000008442
005 20150311093000.0
008 021119s1999 enk e
020 |a 0421579609 
050 0 0 |a d5 KD7644b.B87 1999 
090 0 0 |a d5 KD7644b.B87 1999 
100 1 |a Brown, Henry J. ,   |e author 
245 1 0 |a ADR principles and practice   |c Henry J. Brown,Arthur and Arthur L.Marriott Q.C 
250 |a 2nd ed 
260 |a London :   |b Thomson ,   |c 1999 
300 |a xxxv,711 p. ;   |c 26 cm. 
504 |a Includes bibliographical references (p.658-674) and index 
650 0 |a Dispute resolution (Law) 
650 0 |a Dispute resolution (Law)   |z Great Britain 
650 0 |a Mediation 
650 0 |a Mediation   |z Great Britain 
700 1 |a Marriott, Arthur L. ,   |d 1943- ,   |e author 
999 |a 1000105827   |b Book   |c Reference   |e Gong Badak Campus